Methods of social survey and research (Record no. 63415)

MARC details
000 -LEADER
fixed length control field 00379nam a2200157Ia 4500
008 - FIXED-LENGTH DATA ELEMENTS--GENERAL INFORMATION
fixed length control field 230917s9999||||xx |||||||||||||| ||und||
040 ## - CATALOGING SOURCE
-- 80186
Original cataloging agency VIVEKANANDA LIBRARY
041 ## - Language
-- English
082 ## - DDC NUMBER
Classification number 300.72 B167M
100 ## - MAIN ENTRY--PERSONAL NAME
Personal name Bajpai, S R
245 #0 - TITLE STATEMENT
Title Methods of social survey and research
250 ## - EDITION STATEMENT
Edition statement 14th ed.
260 ## - PUBLICATION, DISTRIBUTION, ETC. (IMPRINT)
Place of publication, distribution, etc Kanpur
Name of publisher, distributor, etc Kitab Ghar
Date of publication, distribution, etc 1989
300 ## - PHYSICAL DESCRIPTION
Pages 528 p.
942 ## - ADDED ENTRY ELEMENTS (KOHA)
Koha item type Books
Holdings
Withdrawn status Lost status Damaged status Not for loan Location (home branch) Sublocation or collection (holding branch) Date acquired Koha issues (times borrowed) Koha full call number Accession No. Koha date last seen Koha item type Source of classification or shelving scheme
        VIVEKANANDA LIBRARY VIVEKANANDA LIBRARY 10/03/2003   300.72 B167M 135372 17/09/2023 Books  
        VIVEKANANDA LIBRARY VIVEKANANDA LIBRARY 10/03/2003   300.72 B167M 135375 17/09/2023 Books  
Withdrawn   Damaged   VIVEKANANDA LIBRARY VIVEKANANDA LIBRARY 10/03/2003   300.72 B167M 135376 17/09/2023 Books Dewey Decimal Classification
        VIVEKANANDA LIBRARY VIVEKANANDA LIBRARY 10/03/2003   300.72 B167M 176443 17/09/2023 Books  
        VIVEKANANDA LIBRARY VIVEKANANDA LIBRARY 10/03/2003 1 300.72 B167M 176444 25/10/2023 Books  
© Designed and Maintained by Vivekananda Library, MDU Rohtak